Les fondements micro-économiques du concept de panique bancaire: une introduction.
Problematika koordinácie vzájomných vzťahov bánk a ich klientov. Analýza bankového systému a prepojenie toku informácií. Strategický postup klientov - majiteľov vkladov. Rentabilita a cenné papiere. Analýza riadenia banky, jej úpadku a následného náporu klientov. Štúdia príčin bankového úpadku. Vzni...
Salvato in:
| Autore principale: | |
|---|---|
| Natura: | Capitolo di libro |
| Lingua: | francese |
| Soggetti: | |
| Tags: |
Nessun Tag, puoi essere il primo ad aggiungerne!!
|
MARC
| LEADER | 00000naa a2200000 4500 | ||
|---|---|---|---|
| 001 | r010320 | ||
| 005 | 20220913125316.4 | ||
| 041 | 0 | |a fre | |
| 044 | |a FR | ||
| 245 | 1 | 0 | |a Les fondements micro-économiques du concept de panique bancaire: une introduction. |c F. Marini |
| 520 | |a Problematika koordinácie vzájomných vzťahov bánk a ich klientov. Analýza bankového systému a prepojenie toku informácií. Strategický postup klientov - majiteľov vkladov. Rentabilita a cenné papiere. Analýza riadenia banky, jej úpadku a následného náporu klientov. Štúdia príčin bankového úpadku. Vznik a dôsledky paniky pred finančným krachom. | ||
| 610 | 2 | 0 | |a banky |
| 610 | 2 | 0 | |a zákazníci |
| 610 | 2 | 0 | |a tok informácií |
| 610 | 2 | 0 | |a vklady |
| 610 | 2 | 0 | |a rentabilita |
| 610 | 2 | 0 | |a papiere cenné |
| 610 | 2 | 0 | |a bankrot |
| 100 | 1 | |a Marini, F. | |